| 000 | 01089nam a2200289 a 4500 | ||
|---|---|---|---|
| 005 | 20141126100934.0 | ||
| 008 | 120620s2011 sp ab gr 00010 spa d | ||
| 020 | _a9789589969526 | ||
| 040 |
_aCO-BoIH _cCO-BoIH |
||
| 041 | 0 | _aspa | |
| 043 | _as-ck--- | ||
| 090 |
_aEA _b00160 |
||
| 110 | 2 |
_aColombia. _bComisión Colombiana del Océano. _929122 |
|
| 245 | 1 | 3 |
_aEl océano en las ciencias naturales y sociales : _bespacio vital en la evolución de la humanidad y de Colombia / _cComisión Colombiana del Océano. |
| 250 | _a2a. ed. | ||
| 260 |
_aBogotá D.C : _bComisión Colombiana del Océano, _c2011. |
||
| 300 |
_a296 p. : _bil., mapas ; _c28 cm. _e1 CD-Rom. |
||
| 504 | _aIncluye referencias bibliográficas (pag 290-292) | ||
| 650 | 4 |
_aExploraciones submarinas _x Enseñanza _z Colombia. _929123 |
|
| 650 |
_aFauna marina _x Enseñanza _z Colombia. _929124 |
||
| 650 | 4 |
_aOceanografía _x Enseñanza _z Colombia. _929125 |
|
| 650 |
_aNavegación _x Enseñanza _z Colombia. _929126 |
||
| 942 |
_2z _cLIBRO |
||
| 949 | _a | ||
| 999 |
_c8822 _d8822 |
||